000 00285nam a2200109Ia 4500
005 20251222144741.0
008 251222s9999||||xx |||||||||||||| ||spa||
082 _a269.2/C76/1992
245 0 _aNueva evangelización, promoción humana y cultura cristiana
264 _bCEP
942 _cLIB
999 _c18967
_d18967